000 02055nam a2200517 a 4500
001 000014810
003 DO-SdBNP
005 20171108113958.0
007 000014810
008 100122s1999 sp a 000 0 spa d
020 _a9788449433498 (obra completa)
040 _aBPMSU
_bspa
_cBPMSU
082 4 _2158.1
_aB582p
245 0 0 _aBiblioteca práctica de autoayuda /
_ccoordinación de la obra María Villalba
260 _aBarcelona :
_bOceano,
_c1999.
300 _a8 v. :
_bil. ;
_c25 cm.
490 _aBibloteca prácitca de autoayuda
505 0 _gv.1:
_tCombatir el estrés /
_rMiguel Casas Hilari --
_gv.2:
_tVivir en pareja/
_rMaria Antonia Güell Roviralta --
_gv.3:
_tInteligencia emocional en el amor /
_rPaz Torrabadella--
_gv.4:
_tInteligencia emocional en el trabajo/
_rPaz Torrabadella /
_gv.5:
_tProgramación neuro lingüística /
_rSalvador Carrión--
_gv.6:
_tAutomasaje y yoga /
_rCarmen Alcaraz,
_rRamón Roselló--
_gv.7:
_tDisfrutar la sexualidad --
_gv.8:
_tRecursos de medicina naturista /
650 _aAUTORREALIZACIÓN (PSICOLOGÍA)
650 _aÉXITO
650 _aTÉCNICAS DE AUTOAYUDA
700 1 2 _aVillalba, María
_4coord.
740 _aCombatir el estrés
740 _aVivir en pareja
740 _aInteligencia emocional en el amor
740 _aInteligencia emocional en el trabajo
740 _a Programación neuro lingüística
740 _aAutomasaje y yoga
740 _aDisfrutar la sexualidad
740 _a Recursos de medicina naturista
830 _pBibloteca prácitca de autoayuda
910 _aValidado.Control de calidad MFF
930 1 _l
_m
_8
_f
_p
_g
930 1 _l
_m
_8
_f
_p
_g
930 1 _l
_m
_8
_f
_p
930 1 _l
_m
_8
_f
_p
_g
930 1 _l
_m
_8
_f
_p
_g
930 1 _l
_m
_8
_f
_p
_g
930 1 _l
_m
_8
_f
_p
_g
930 1 _l
_m
_8
_f
_p
_g
942 _2ddc
_cBK
945 _a Inventariado extranjero / 2017 VM
956 _aYLOCKWARD
_b10
_c20130709
_lBND01
_h1258
956 _a
_b
_c
_l
_h
956 _aVMATEO
_b10
_c20150916
_lBPMSU
_h00151
999 _c8252
_d8252